Quizzes
Events
Quiz Creation
Community
Videos
Private Events
Remove Ads
Sign In
Join for FREE
Feedback
Dark Mode
Quiz Categories
Sports
Geography
Music
Movies
Television
Just For Fun
Miscellaneous
History
Literature
Language
Science
Gaming
Entertainment
Religion
Holiday
For Kids
Quiz Lab
Recent
Popular Today
Quiz Kudos Today
Editor Picks
Curator Picks
Quizzes by...
Day
Popularity
Type
Ratings
Length
Year
Community
Subscriptions
Recent Discussions
Orange Saloon
Badges
Playlists
Quests
Create
Leaderboards
Showdown
Live 5
Trivia Bingo
Activity
Puzzle Library
Sporcle Events
Private Events
Virtual Trivia
Globe League
Become a Host
Pub Owners
SporcleCon
Opinionation
Our Games
Videos
Blog
Mobile Apps
Partnerships
Remove Ads and Go Orange
Feedback
Movies
Disney
Marvel Cinematic Universe
Movie Resume
Movie Titles
Oscar
Actor
Actress
Director
Pixar
Role
Movie Quotes
Movie Characters
Box Office
Nominee
Best Picture
Star Wars
James Bond
Horror Movies
Movies
Disney
Marvel Cinematic Universe
Movie Resume
Movie Titles
Oscar
Actor
Actress
Director
Pixar
Role
Movie Quotes
Movie Characters
Box Office
Nominee
Best Picture
Star Wars
James Bond
Horror Movies
Random Quiz
Search Sporcle
×
Quiz Lab
Quiz Lab
Movies
Actor
Type in answers that appear in a list
Type in answers that appear in a list
Classic
Best Score? Go Orange.
Summer Movies 2011 Stats
Can you name the summer 2011 movie by each IMDB summary?
By
gloucester
6m
20 Questions
1,264 Plays
1,264 Plays
1,264 Plays
Comments
Comments
Give Quiz Kudos
Give Quiz Kudos
-
- Ratings
hide this ad
Replay
Link that replays current quiz
Next Quiz
Link to next quiz in quiz playlist
You Got
0%
They Got
Avg Score
56%
Avg Friend Score
Upgrade to see
Score Distribution
Jump to the score distribution portion of the page
Score
0/20
Timer
06:00
0
Plays Today
IMDB Summary
Movie
% Correct
'Racing star Lightning McQueen teams up with his best friend Mater for an international adventure'
Cars 2
84.8%
'Phil, Stu, and Alan travel to Bangkok for Stu's wedding'
The Hangover Part II
82.4%
'Po joins forces with a group of new kung-
fu masters to take on an old enemy'
Kung Fu Panda 2
81.7%
'A test pilot is granted a mystical green ring that bestows him with otherworldly powers'
Green Lantern
78%
'A powerful but arrogant warrior is cast out of the fantastic realm of Asgard'
Thor
76.1%
'The Autobots learn of a Cybertronian spacecraft hidden on the Moon'
Transformers: Dark of the Moon
75.3%
'A comedy centered around a foul-
mouthed, junior high teacher'
Bad Teacher
73.4%
'A comedy centered on two women battling to plan their friend's wedding party'
Bridesmaids
68.8%
'The end begins as Harry, Ron, and Hermione go back to Hogwarts'
Harry Potter and the Deathly Hallows: Part 2
66.9%
'After being deemed unfit for military service, Steve Rogers volunteers for a top secret research project'
Captain America: The First Avenger
62.2%
IMDB Summary
Movie
% Correct
'In 1963, Charles Xavier starts up a school for humans with superhuman abilities'
X-Men: First Class
57.7%
'An origin story set in present day San Francisco, where man's own experiments with genetic engineering lead to the development of intelligence in apes'
Rise of the Planet of the Apes
51%
'Jack Sparrow and Barbossa embark on a quest to find the elusive fountain of youth'
Pirates of the Caribbean: On Stranger Tides
50.6%
'In the summer of 1979, a group of friends in a small Ohio town witness a catastrophic train crash'
Super 8
50.2%
'A spaceship arrives in Arizona, 1873, to take over the Earth'
Cowboys & Aliens
49.4%
'A romantic comedy about a family traveling to the French capital for business'
Midnight in Paris
31.2%
'A remake of the comedy-
horror picture about a teenager who discovers his new next-
door neighbor is a vampire'
Fright Night
29.2%
'A comedy centered on an idealist who barges into the lives of his three sisters'
Our Idiot Brother
24.1%
'The story centers around a family with three boys in the 1950s'
The Tree of Life
21.8%
'Adventures across the continent of Hyboria on a quest to avenge the murder of his father and the slaughter of his village'
Conan the Barbarian
20.1%
Quiz Playlist
Details
Report
Send in Message
Add To Playlist
Classic:
Type in answers that appear in a list
Quiz Source
Last Updated: Nov 26, 2018
Quiz Scoreboard
CHALLENGE
Sign Up to Join the Scoreboard
Show All
Scores
Hide
Comments
May contain spoilers
Recently Published
NBA Finals Game Top Scorers (2010s)
by flibbidy
Sports
5m
Guess the 'R' Things in 3 Words
by MSUKent
Miscellaneous
3m
Actor to Badly Drawn Movie III
by MoMosMoProblems
Movies
5m
More to Explore
Quiz From the Vault
Featured Blog Post
Where Does Lost Luggage Go?
hide this ad
You Might Also Like...
Tags
Actor Quiz
2011
Blockbuster
Blockbuster Movie
imdb
lead
Summary
Summer
Today's Top Quizzes in Movies
Browse Movies
hide this ad
Today's Top Quizzes in Actor
Browse Actor
Top Contributed Quizzes in Movies
1
Pixar Reveal II
2
How Long Is the Movie Title?
3
Pixar Reveal III
4
10 Quentin Tarantino Movies in Order
5
Adjectives in 00s Movies
6
Pixar Reveal IV
7
Movie Stars Gone to the Dogs
8
Adjectives in 10s Movies
9
Pixar Reveal V
10
Adjectives in 90s Movies
Explore More
Trending Topics
Harry Potter
Crossword
Disney
Anime
Kpop
Marvel
NBA
Puzzle
Pokémon
WWE
Song
Country
The Office
NFL
Soccer
hide this ad
More By:
gloucester
Quiz
Plays
Rating
Category
Featured
Created
Movies by Poster (A-Z)
143,372
4.47
Movies
May 19, 2011
Quotable Slogans
140,881
3.89
Miscellaneous
May 3, 2012
Christmas Movie Posters
115,995
4.51
Movies
Nov 30, 2011
Halloween Movies from A-Z
110,660
4.61
Movies
Oct 18, 2011
Tour of Paris Landmarks
83,162
4.44
Geography
May 16, 2011
Go to Creator's Profile
Score Distribution
Quiz Creator Spotlight
gloucester
Follow
Send a Message
Quizzes Created
-
Created Quiz Play Count
-
More By This Creator
Popular Quizzes Today
1
Find the US States - No Outlines Minefield
2
Find the US States
3
The Countries of the World
4
10 Largest US States in Order
5
Find the Countries of Europe - No Outlines Minefield
6
US States
7
Guess the 'R' Things in 3 Words
8
NBA Finals Game Top Scorers (2010s)
More Movies Quizzes
Oscar Nominated Performances - 1948
Quiz Lab
Trending Quizzes
First Name TV: Leading Men
Match the Book to the Film II
First Name TV: Leading Women Drama
Match the Book to the Film VI
3-Word Movies in 1 Word II
Recently Updated
Women's Final Four Teams by Year
bhenderson79
Presidents Quartet II
eogle
Anything But Clue(do)
eogle
Anything But Oceanian Capitals
eogle
Anything But 7
eogle
Anything But Thing
eogle
Word Ladder: February 29
pecheneg
Song Title Questions
pecheneg
Women's NCAA Tournament #1 Seeds
pecheneg
Celebrity Mug Shots
pecheneg
Trending Topics
Crossword
Marvel
Harry Potter
Disney
Kpop
NBA
Anime
Soccer
Song
Pokémon
Puzzle
Country
WWE
NFL
The Office
Your Account Isn't Verified!
In order to create a playlist on Sporcle, you need to verify the email address you used during registration. Go to your
Sporcle Settings
to finish the process.
Report this User
Report this user for behavior that violates our
Community Guidelines
.
Details:
Send Report
Go to the Sporcle.com Mobile Site →
Comments